Medical-Surgical Nursing, (Record no. 248929)

MARC details
000 -LEADER
fixed length control field 00440pam a2200169a 44500
008 - FIXED-LENGTH DATA ELEMENTS--GENERAL INFORMATION
fixed length control field 230405s2013 xxu||||| |||| 00| 0 eng d
020 ## - INTERNATIONAL STANDARD BOOK NUMBER
International Standard Book Number 1437717071
Terms of availability $ 81.95 (Rs. 5040)
082 ## - DEWEY DECIMAL CLASSIFICATION NUMBER
Classification number 617.0231
Item number DEW
100 ## - MAIN ENTRY--PERSONAL NAME
Personal name DeWit, Susan C.
245 ## - TITLE STATEMENT
Title Medical-Surgical Nursing,
250 ## - EDITION STATEMENT
Edition statement 2nd Ed.
260 ## - PUBLICATION, DISTRIBUTION, ETC.
Place of publication, distribution, etc. Missouri
Name of publisher, distributor, etc. Elsevier Saunders
Date of publication, distribution, etc. 2013
300 ## - PHYSICAL DESCRIPTION
Extent 1234 p
502 ## - DISSERTATION NOTE
Dissertation note text
700 ## - ADDED ENTRY--PERSONAL NAME
Personal name Kumagai, Candice K.
906 ## - LOCAL DATA ELEMENT F, LDF (RLIN)
a 000214

No items available.